Central Library OPAC University of Rajshahi

প্রহাসিনী / (Record no. 68862)

MARC details
000 -LEADER
fixed length control field 00734nam a2200217 a 4500
001 - CONTROL NUMBER
control field 68862
003 - CONTROL NUMBER IDENTIFIER
rucl marc code BD-RjUL
005 - DATE AND TIME OF LATEST TRANSACTION
control field 20211209081822.0
008 - FIXED-LENGTH DATA ELEMENTS--GENERAL INFORMATION
fixed length control field 170406s1946 ii ||||| |||| 00| 0 ben d
035 ## - SYSTEM CONTROL NUMBER
System control number (BD-RjUL)69073
040 ## - CATALOGING SOURCE
Original cataloging agency BD-RjUL
Language of cataloging eng
Transcribing agency BD-RjUL
041 ## - LANGUAGE CODE
Language code of text/sound track or separate title eng
082 ## - DEWEY DECIMAL CLASSIFICATION NUMBER
Edition number 23
Classification number 891.441
Author mark and year THP 1946
100 ## - MAIN ENTRY--PERSONAL NAME
Personal name ঠাকুর, রবীন্দ্রনাথ
9 (RLIN) 204051
245 ## - TITLE STATEMENT
Title প্রহাসিনী /
Statement of responsibility, etc. রবীন্দ্রনাথ ঠাকুর
260 ## - PUBLICATION, DISTRIBUTION, ETC. (IMPRINT)
Place of publication, distribution, etc. কলিকাতা :
Name of publisher, distributor, etc. বোস প্রেস,
Date of publication, distribution, etc. ১৯৪৬
300 ## - PHYSICAL DESCRIPTION
Pagination ৮৮ পৃ.
Size ১৭ সে.মি.
650 ## - SUBJECT ADDED ENTRY--TOPICAL TERM
Topical term or geographic name as entry element বাংলা
Form subdivision কবিতা
9 (RLIN) 204052
Topical term or geographic name as entry element Bengali
Form subdivision poetry
9 (RLIN) 204053
942 ## - ADDED ENTRY ELEMENTS (KOHA)
Source of classification or shelving scheme Dewey Decimal Classification
Koha item type Books
Holdings
Lost status Source of classification or shelving scheme Damaged status Not for loan Collection code Permanent Location Current Location Shelving location Date acquired Source of acquisition Cost, normal purchase price Total Checkouts Full call number Date last seen Copy number Koha item type
  Dewey Decimal Classification   Not For Loan Fiction Central Library, University of Rajshahi Central Library, University of Rajshahi Reading Room 19/12/1961 Faroki Library 2.38   B 891.441 THP 1946 06/04/2017 C-1 Books